| 000 | 00890nam a2200241 i 4500 | ||
|---|---|---|---|
| 003 | DO-SdBNP | ||
| 005 | 20230808092759.0 | ||
| 006 | a||||gr|||| 00| 0 | ||
| 007 | ta | ||
| 008 | 230807e1974 dr ac||| |||| 00| 0 spa d | ||
| 040 |
_aDO-SdBNP _bspa _cBNPHU _erda |
||
| 082 | 4 |
_222 _bM375J |
|
| 100 | 1 |
_aJiménez, Miguel Angel _925134 _eautor |
|
| 245 |
_aMarti: otro Cristo de la libertad. / _cMiguel Ángel Jiménez |
||
| 264 | 1 |
_a[Santo Domingo] ; _bHorizontes, _c1974 |
|
| 300 |
_a24 páginas : _bIlustración ; _c20 cm _eRecorte poema firmado por José Martí |
||
| 336 |
_2rdacontent _atexto _btxt |
||
| 337 |
_2rdamedia _asin mediación _bn |
||
| 338 |
_2rda carrier _avolumen _bnc |
||
| 500 | _aOpúsculo en recordación del Acto organizado por la "Asociación cunaba en la República Dominicana", celebrado el 26 de enero de 1974. | ||
| 590 | _aInventariado 2023 / MF | ||
| 942 |
_2ddc _cLF2 |
||
| 999 |
_c54339 _d54339 |
||